000 00852nam a2200289 a 4500
003 AR-BaBNM
005 20251128205551.0
008 082120s2002 ||||||||||||||000 | spa||
040 _cAR-BaBNM
100 1 _aRichthofen, Erich von
245 0 0 _aEstudios épicos medievales
_bcon algunos trabajos inéditos
260 _aMadrid
_bGredos
_c1954
300 _a348 p.
_bgráfs.
490 0 _aBiblioteca románica hispánica. Estudios y ensayos
_vv. 14
500 _aContiene índice de materias en p. 349
650 4 _aLITERATURA MEDIEVAL
650 4 _aHISTORIA LITERARIA
650 4 _aTRADICION ORAL
650 4 _aLITERATURA POPULAR
650 4 _aLITERATURA FOLKLORICA
653 _aEPICA
655 _aLITERATURA
700 1 _aPérez Riesco, José
_etraductor
800 1 _aAlonso, Dámaso
_edirector
942 _cBK
998 _cMARTIN
999 _c11928
_d11928